Fußball-Bundesliga: Aufstellungen des 34. Spieltages 2007/2008 - Statistiken

Allgemein
  • Dieses Quiz wurde 191 mal gespielt
  • Das Durchschnittsergebnis liegt bei 88 aus 198
Antwortstatistiken
Begegnung Verein Nationalität Spieler % Korrekt
FC Bayern München 4:1 Hertha BSC FC Bayern München ITA Luca Toni
93%
FC Bayern München 4:1 Hertha BSC FC Bayern München GER Oliver Kahn
93%
FC Bayern München 4:1 Hertha BSC FC Bayern München BEL Daniel Van Buyten
92%
FC Bayern München 4:1 Hertha BSC FC Bayern München FRA Franck Ribéry
90%
1. FC Nürnberg 0:2 FC Schalke 04 FC Schalke 04 GER Manuel Neuer
90%
FC Bayern München 4:1 Hertha BSC FC Bayern München ARG Martín Demichelis
90%
Borussia Dortmund 2:4 VfL Wolfsburg Borussia Dortmund BRA Dédé
88%
FC Bayern München 4:1 Hertha BSC FC Bayern München GER Bastian Schweinsteiger
87%
FC Bayern München 4:1 Hertha BSC FC Bayern München NED Mark van Bommel
87%
FC Bayern München 4:1 Hertha BSC FC Bayern München GER Philipp Lahm
87%
Borussia Dortmund 2:4 VfL Wolfsburg Borussia Dortmund SUI Alexander Frei
86%
Bayer 04 Leverkusen 0:1 SV Werder Bremen SV Werder Bremen BRA Diego
86%
Borussia Dortmund 2:4 VfL Wolfsburg VfL Wolfsburg BIH Edin Džeko
86%
Borussia Dortmund 2:4 VfL Wolfsburg VfL Wolfsburg BRA Grafite
85%
Bayer 04 Leverkusen 0:1 SV Werder Bremen SV Werder Bremen BRA Naldo
85%
Bayer 04 Leverkusen 0:1 SV Werder Bremen Bayer 04 Leverkusen GER René Adler
85%
Borussia Dortmund 2:4 VfL Wolfsburg VfL Wolfsburg SUI Diego Benaglio
84%
Bayer 04 Leverkusen 0:1 SV Werder Bremen SV Werder Bremen POR Hugo Almeida
83%
VfB Stuttgart 2:2 Arminia Bielefeld VfB Stuttgart GER Mario Gómez
83%
Hamburger SV 7:0 Karlsruher SC Hamburger SV NED Rafael van der Vaart
83%
Hannover 96 4:0 FC Energie Cottbus Hannover 96 GER Robert Enke
82%
Bayer 04 Leverkusen 0:1 SV Werder Bremen SV Werder Bremen GER Christian Vander
81%
Hamburger SV 7:0 Karlsruher SC Hamburger SV GER Frank Rost
81%
FC Bayern München 4:1 Hertha BSC FC Bayern München GER Lukas Podolski
81%
Borussia Dortmund 2:4 VfL Wolfsburg VfL Wolfsburg GER Marcel Schäfer
81%
Hannover 96 4:0 FC Energie Cottbus FC Energie Cottbus GER Timo Rost
81%
1. FC Nürnberg 0:2 FC Schalke 04 FC Schalke 04 TUR Halil Altintop
79%
1. FC Nürnberg 0:2 FC Schalke 04 FC Schalke 04 BRA Marcelo Bordon
79%
FC Bayern München 4:1 Hertha BSC Hertha BSC SRB Marko Pantelić
79%
Hamburger SV 7:0 Karlsruher SC Hamburger SV CRO Ivica Olić
77%
FC Bayern München 4:1 Hertha BSC Hertha BSC CZE Jaroslav Drobný
77%
1. FC Nürnberg 0:2 FC Schalke 04 1. FC Nürnberg SVK Marek Mintál
77%
Bayer 04 Leverkusen 0:1 SV Werder Bremen Bayer 04 Leverkusen CHI Arturo Vidal
76%
1. FC Nürnberg 0:2 FC Schalke 04 FC Schalke 04 USA Jermaine Jones
76%
Bayer 04 Leverkusen 0:1 SV Werder Bremen SV Werder Bremen SWE Markus Rosenberg
76%
Bayer 04 Leverkusen 0:1 SV Werder Bremen SV Werder Bremen TUR Mesut Özil
76%
1. FC Nürnberg 0:2 FC Schalke 04 FC Schalke 04 GER Kevin Kurányi
74%
1. FC Nürnberg 0:2 FC Schalke 04 FC Schalke 04 GEO Levan Kobiashvili
74%
Borussia Dortmund 2:4 VfL Wolfsburg Borussia Dortmund PAR Nelson Valdez
74%
Hamburger SV 7:0 Karlsruher SC Hamburger SV PER Paolo Guerrero
74%
Eintracht Frankfurt 4:2 MSV Duisburg Eintracht Frankfurt GRE Ioannis Amanatidis
73%
Borussia Dortmund 2:4 VfL Wolfsburg VfL Wolfsburg BRA Marcelinho
73%
Borussia Dortmund 2:4 VfL Wolfsburg Borussia Dortmund GER Mats Hummels
73%
Bayer 04 Leverkusen 0:1 SV Werder Bremen SV Werder Bremen GER Torsten Frings
73%
Bayer 04 Leverkusen 0:1 SV Werder Bremen SV Werder Bremen GER Per Mertesacker
71%
VfB Stuttgart 2:2 Arminia Bielefeld Arminia Bielefeld POL Artur Wichniarek
70%
Bayer 04 Leverkusen 0:1 SV Werder Bremen SV Werder Bremen FIN Petri Pasanen
70%
FC Bayern München 4:1 Hertha BSC FC Bayern München BRA Zé Roberto
70%
Bayer 04 Leverkusen 0:1 SV Werder Bremen SV Werder Bremen GER Clemens Fritz
69%
Hamburger SV 7:0 Karlsruher SC Hamburger SV CZE David Jarolím
69%
Bayer 04 Leverkusen 0:1 SV Werder Bremen SV Werder Bremen GER Tim Borowski
69%
FC Bayern München 4:1 Hertha BSC Hertha BSC GER Arne Friedrich
68%
Bayer 04 Leverkusen 0:1 SV Werder Bremen Bayer 04 Leverkusen GER Manuel Friedrich
68%
Borussia Dortmund 2:4 VfL Wolfsburg Borussia Dortmund POL Jakub Błaszczykowski
67%
1. FC Nürnberg 0:2 FC Schalke 04 FC Schalke 04 BRA Rafinha
67%
Hannover 96 4:0 FC Energie Cottbus Hannover 96 HUN Szabolcs Huszti
67%
Borussia Dortmund 2:4 VfL Wolfsburg Borussia Dortmund BRA Tinga
67%
VfB Stuttgart 2:2 Arminia Bielefeld VfB Stuttgart GER Cacau
64%
1. FC Nürnberg 0:2 FC Schalke 04 FC Schalke 04 GER Christian Pander
64%
1. FC Nürnberg 0:2 FC Schalke 04 1. FC Nürnberg ARG Javier Pinola
64%
Bayer 04 Leverkusen 0:1 SV Werder Bremen Bayer 04 Leverkusen SUI Tranquillo Barnetta
64%
VfL Bochum 1:2 FC Hansa Rostock FC Hansa Rostock GER Christian Rahn
63%
Hamburger SV 7:0 Karlsruher SC Hamburger SV NED Joris Mathijsen
63%
Bayer 04 Leverkusen 0:1 SV Werder Bremen Bayer 04 Leverkusen GER Simon Rolfes
63%
1. FC Nürnberg 0:2 FC Schalke 04 1. FC Nürnberg GRE Angelos Charisteas
61%
1. FC Nürnberg 0:2 FC Schalke 04 FC Schalke 04 GER Heiko Westermann
61%
Borussia Dortmund 2:4 VfL Wolfsburg VfL Wolfsburg BRA Josué
61%
FC Bayern München 4:1 Hertha BSC FC Bayern München GER Marcell Jansen
61%
VfB Stuttgart 2:2 Arminia Bielefeld VfB Stuttgart MEX Ricardo Osorio
61%
VfB Stuttgart 2:2 Arminia Bielefeld VfB Stuttgart GER Sami Khedira
61%
Bayer 04 Leverkusen 0:1 SV Werder Bremen Bayer 04 Leverkusen BIH Sergej Barbarez
61%
1. FC Nürnberg 0:2 FC Schalke 04 1. FC Nürnberg BIH Zvjezdan Misimović
61%
Borussia Dortmund 2:4 VfL Wolfsburg VfL Wolfsburg GER Christian Gentner
60%
Hamburger SV 7:0 Karlsruher SC Hamburger SV NED Nigel de Jong
60%
Hamburger SV 7:0 Karlsruher SC Karlsruher SC GEO Aleksandr Iashvili
59%
Hannover 96 4:0 FC Energie Cottbus FC Energie Cottbus BUL Dimitar Rangelov
59%
1. FC Nürnberg 0:2 FC Schalke 04 1. FC Nürnberg CZE Jan Koller
59%
Borussia Dortmund 2:4 VfL Wolfsburg Borussia Dortmund GER Christian Wörns
58%
Borussia Dortmund 2:4 VfL Wolfsburg Borussia Dortmund ITA Giovanni Federico
57%
Hamburger SV 7:0 Karlsruher SC Hamburger SV GER Piotr Trochowski
56%
Hamburger SV 7:0 Karlsruher SC Hamburger SV NAM Collin Benjamin
55%
1. FC Nürnberg 0:2 FC Schalke 04 FC Schalke 04 GER Gerald Asamoah
54%
Hannover 96 4:0 FC Energie Cottbus Hannover 96 GER Mike Hanke
54%
FC Bayern München 4:1 Hertha BSC Hertha BSC SUI Fabian Lustenberger
53%
Hannover 96 4:0 FC Energie Cottbus FC Energie Cottbus GER Gerhard Tremmel
53%
Hamburger SV 7:0 Karlsruher SC Karlsruher SC GER Markus Miller
53%
Bayer 04 Leverkusen 0:1 SV Werder Bremen Bayer 04 Leverkusen GER Paul Freier
53%
VfL Bochum 1:2 FC Hansa Rostock VfL Bochum SVK Stanislav Šesták
53%
Hamburger SV 7:0 Karlsruher SC Karlsruher SC GER Maik Franz
52%
FC Bayern München 4:1 Hertha BSC Hertha BSC BRA Raffael
52%
Hamburger SV 7:0 Karlsruher SC Hamburger SV GER Jérôme Boateng
51%
FC Bayern München 4:1 Hertha BSC Hertha BSC POL Łukasz Piszczek
51%
1. FC Nürnberg 0:2 FC Schalke 04 FC Schalke 04 GER Fabian Ernst
50%
Bayer 04 Leverkusen 0:1 SV Werder Bremen Bayer 04 Leverkusen GER Gonzalo Castro
50%
Hannover 96 4:0 FC Energie Cottbus Hannover 96 CZE Jiří Štajner
50%
Eintracht Frankfurt 4:2 MSV Duisburg Eintracht Frankfurt GER Markus Pröll
50%
Hamburger SV 7:0 Karlsruher SC Karlsruher SC HUN Tamás Hajnal
50%
1. FC Nürnberg 0:2 FC Schalke 04 1. FC Nürnberg GER Andreas Wolf
49%
Hannover 96 4:0 FC Energie Cottbus Hannover 96 GER Christian Schulz
49%
VfB Stuttgart 2:2 Arminia Bielefeld VfB Stuttgart TUR Yıldıray Baştürk
49%
Hamburger SV 7:0 Karlsruher SC Karlsruher SC SUI Mario Eggimann
48%
Hannover 96 4:0 FC Energie Cottbus Hannover 96 IRI Vahid Hashemian
48%
Borussia Dortmund 2:4 VfL Wolfsburg VfL Wolfsburg JPN Makoto Hasebe
47%
Borussia Dortmund 2:4 VfL Wolfsburg Borussia Dortmund GER Marc-André Kruska
47%
Eintracht Frankfurt 4:2 MSV Duisburg Eintracht Frankfurt CZE Martin Fenin
47%
VfB Stuttgart 2:2 Arminia Bielefeld VfB Stuttgart GER Sven Ulreich
47%
VfB Stuttgart 2:2 Arminia Bielefeld VfB Stuttgart BRA Antônio da Silva
46%
Borussia Dortmund 2:4 VfL Wolfsburg Borussia Dortmund SRB Antonio Rukavina
46%
Hannover 96 4:0 FC Energie Cottbus FC Energie Cottbus BUL Stanislav Angelov
46%
Eintracht Frankfurt 4:2 MSV Duisburg Eintracht Frankfurt GER Patrick Ochs
45%
Borussia Dortmund 2:4 VfL Wolfsburg VfL Wolfsburg POR Ricardo Costa
45%
Borussia Dortmund 2:4 VfL Wolfsburg VfL Wolfsburg GER Sascha Riether
44%
VfB Stuttgart 2:2 Arminia Bielefeld VfB Stuttgart GER Roberto Hilbert
43%
1. FC Nürnberg 0:2 FC Schalke 04 1. FC Nürnberg CZE Tomáš Galásek
43%
Hamburger SV 7:0 Karlsruher SC Hamburger SV GER Bastian Reinhardt
42%
1. FC Nürnberg 0:2 FC Schalke 04 1. FC Nürnberg GER Marco Engelhardt
42%
Eintracht Frankfurt 4:2 MSV Duisburg Eintracht Frankfurt GER Michael Fink
42%
VfB Stuttgart 2:2 Arminia Bielefeld Arminia Bielefeld GER Christian Eigler
39%
Bayer 04 Leverkusen 0:1 SV Werder Bremen Bayer 04 Leverkusen GER Jan-Ingwer Callsen-Bracker
39%
Borussia Dortmund 2:4 VfL Wolfsburg VfL Wolfsburg CZE Jan Šimůnek
39%
Eintracht Frankfurt 4:2 MSV Duisburg Eintracht Frankfurt AUT Markus Weissenberger
39%
Borussia Dortmund 2:4 VfL Wolfsburg Borussia Dortmund GER Marcel Höttecke
38%
Hannover 96 4:0 FC Energie Cottbus Hannover 96 USA Steven Cherundolo
38%
Hannover 96 4:0 FC Energie Cottbus Hannover 96 GER Hanno Balitsch
37%
VfB Stuttgart 2:2 Arminia Bielefeld VfB Stuttgart GER Andreas Beck
36%
Hamburger SV 7:0 Karlsruher SC Karlsruher SC GER Christian Eichner
36%
1. FC Nürnberg 0:2 FC Schalke 04 1. FC Nürnberg GER Daniel Klewer
36%
FC Bayern München 4:1 Hertha BSC Hertha BSC SUI Steve von Bergen
35%
Hannover 96 4:0 FC Energie Cottbus Hannover 96 FRA Valérien Ismaël
34%
FC Bayern München 4:1 Hertha BSC Hertha BSC BRA Mineiro
33%
1. FC Nürnberg 0:2 FC Schalke 04 1. FC Nürnberg DEN Lars Jacobsen
28%
Bayer 04 Leverkusen 0:1 SV Werder Bremen Bayer 04 Leverkusen SVK Vratislav Greško
28%
VfB Stuttgart 2:2 Arminia Bielefeld VfB Stuttgart CIV Arthur Boka
27%
VfB Stuttgart 2:2 Arminia Bielefeld VfB Stuttgart FRA Matthieu Delpierre
26%
Eintracht Frankfurt 4:2 MSV Duisburg Eintracht Frankfurt GER Marco Russ
25%
VfB Stuttgart 2:2 Arminia Bielefeld Arminia Bielefeld RSA Rowen Fernandez
21%
Hannover 96 4:0 FC Energie Cottbus Hannover 96 NED Arnold Bruggink
20%
Eintracht Frankfurt 4:2 MSV Duisburg Eintracht Frankfurt GER Benjamin Köhler
20%
VfL Bochum 1:2 FC Hansa Rostock VfL Bochum GER Oliver Schröder
20%
VfL Bochum 1:2 FC Hansa Rostock VfL Bochum GER Christoph Dabrowski
19%
Hannover 96 4:0 FC Energie Cottbus FC Energie Cottbus ALB Ervin Skela
18%
VfB Stuttgart 2:2 Arminia Bielefeld Arminia Bielefeld GER Rüdiger Kauf
17%
Hannover 96 4:0 FC Energie Cottbus FC Energie Cottbus DEN Dennis Sørensen
16%
Hamburger SV 7:0 Karlsruher SC Karlsruher SC GER Michael Mutzel
16%
VfB Stuttgart 2:2 Arminia Bielefeld Arminia Bielefeld GER Thorben Marx
15%
Hamburger SV 7:0 Karlsruher SC Karlsruher SC ALB Edmond Kapllani
14%
VfL Bochum 1:2 FC Hansa Rostock FC Hansa Rostock GER Enrico Kern
13%
VfL Bochum 1:2 FC Hansa Rostock VfL Bochum ALG Anthar Yahia
12%
FC Bayern München 4:1 Hertha BSC Hertha BSC SRB Gojko Kačar
11%
Hamburger SV 7:0 Karlsruher SC Karlsruher SC GER Christian Timm
10%
VfB Stuttgart 2:2 Arminia Bielefeld Arminia Bielefeld GER Oliver Kirch
10%
Eintracht Frankfurt 4:2 MSV Duisburg Eintracht Frankfurt GRE Sotirios Kyrgiakos
10%
Eintracht Frankfurt 4:2 MSV Duisburg MSV Duisburg GER Tom Starke
10%
Hamburger SV 7:0 Karlsruher SC Karlsruher SC GHA Godfried Aduobe
8%
FC Bayern München 4:1 Hertha BSC Hertha BSC TUN Sofian Chahed
8%
VfL Bochum 1:2 FC Hansa Rostock VfL Bochum GER Benjamin Auer
7%
VfL Bochum 1:2 FC Hansa Rostock FC Hansa Rostock GER Gledson
7%
VfL Bochum 1:2 FC Hansa Rostock FC Hansa Rostock GER Jörg Hahnel
7%
Eintracht Frankfurt 4:2 MSV Duisburg MSV Duisburg GER Markus Daun
7%
VfB Stuttgart 2:2 Arminia Bielefeld Arminia Bielefeld GER Robert Tesche
7%
Eintracht Frankfurt 4:2 MSV Duisburg MSV Duisburg GER Tobias Willi
7%
Eintracht Frankfurt 4:2 MSV Duisburg Eintracht Frankfurt GER Faton Toski
6%
VfL Bochum 1:2 FC Hansa Rostock VfL Bochum CZE Jan Laštůvka
6%
VfL Bochum 1:2 FC Hansa Rostock VfL Bochum CMR Joël Epalle
6%
Eintracht Frankfurt 4:2 MSV Duisburg MSV Duisburg ROU Mihai Tararache
6%
Eintracht Frankfurt 4:2 MSV Duisburg Eintracht Frankfurt MEX Aarón Galindo
5%
Eintracht Frankfurt 4:2 MSV Duisburg MSV Duisburg GER Björn Schlicke
5%
VfL Bochum 1:2 FC Hansa Rostock FC Hansa Rostock GER Fin Bartels
5%
VfB Stuttgart 2:2 Arminia Bielefeld Arminia Bielefeld GER Markus Schuler
5%
VfL Bochum 1:2 FC Hansa Rostock VfL Bochum ALB Mërgim Mavraj
5%
VfL Bochum 1:2 FC Hansa Rostock VfL Bochum GER Philipp Bönig
5%
VfL Bochum 1:2 FC Hansa Rostock VfL Bochum POL Tomasz Zdebel
5%
Hannover 96 4:0 FC Energie Cottbus Hannover 96 BRA Vinícius
5%
VfL Bochum 1:2 FC Hansa Rostock FC Hansa Rostock TUR Zafer Yelen
5%
VfB Stuttgart 2:2 Arminia Bielefeld Arminia Bielefeld CRO Andre Mijatović
4%
Eintracht Frankfurt 4:2 MSV Duisburg MSV Duisburg BUL Blagoy Georgiev
4%
Hannover 96 4:0 FC Energie Cottbus FC Energie Cottbus GER Daniel Ziebig
4%
Bayer 04 Leverkusen 0:1 SV Werder Bremen Bayer 04 Leverkusen RUS Dmitriy Bulykin
4%
VfL Bochum 1:2 FC Hansa Rostock FC Hansa Rostock USA Heath Pearce
4%
Hannover 96 4:0 FC Energie Cottbus FC Energie Cottbus MKD Igor Mitreski
4%
VfL Bochum 1:2 FC Hansa Rostock FC Hansa Rostock GER Kai Bülow
4%
Eintracht Frankfurt 4:2 MSV Duisburg MSV Duisburg BRA Maicon
4%
VfL Bochum 1:2 FC Hansa Rostock VfL Bochum FRA Marc Pfertzel
4%
VfB Stuttgart 2:2 Arminia Bielefeld Arminia Bielefeld GER Markus Bollmann
4%
Hannover 96 4:0 FC Energie Cottbus FC Energie Cottbus CRO Stiven Rivić
4%
VfL Bochum 1:2 FC Hansa Rostock FC Hansa Rostock GER Tim Sebastian
4%
Eintracht Frankfurt 4:2 MSV Duisburg MSV Duisburg GER Adam Bodzek
3%
Eintracht Frankfurt 4:2 MSV Duisburg MSV Duisburg ROU Claudiu Niculescu
3%
VfL Bochum 1:2 FC Hansa Rostock FC Hansa Rostock MNE Đorđije Ćetković
3%
Hannover 96 4:0 FC Energie Cottbus FC Energie Cottbus CRO Mario Cvitanović
3%
VfB Stuttgart 2:2 Arminia Bielefeld Arminia Bielefeld CZE Petr Gabriel
3%
Hamburger SV 7:0 Karlsruher SC Karlsruher SC GER Timo Staffeldt
3%
VfL Bochum 1:2 FC Hansa Rostock FC Hansa Rostock BRA Diego Morais
2%
Eintracht Frankfurt 4:2 MSV Duisburg MSV Duisburg ARG Fernando Ávalos
2%
Hannover 96 4:0 FC Energie Cottbus FC Energie Cottbus BIH Ivan Radeljić
2%
1. FC Nürnberg 0:2 FC Schalke 04 1. FC Nürnberg FRA Jacques Abardonado
2%
Eintracht Frankfurt 4:2 MSV Duisburg MSV Duisburg FRA Olivier Veigneau
2%
FC Bayern München 4:1 Hertha BSC Hertha BSC CZE Rudi Skácel
2%
Keine übereinstimmenden Quizze gefunden
Verteilung der Resultate
Anzahl Personen mit jedem Resultat
Perzentil nach korrekt beantworteten Fragen
Ihre Resultats-Entwicklung
Sie haben dieses Quiz noch nicht gespielt